000 00600nam a22002177a 4500
003 UA-OsUOA
001 98376
007 ta
008 20130415b un ||||| |||| 00| 0 ukr d
090 _a480
_bП78
942 _cBK
040 _aUA-OsUOA
_brus
_cUA-OsUOA
_dUA-OsUOA
245 _aПробуждение
_bТом 2
_cсост. М. Шерешевской
300 _a480 с.
955 _a3
041 _arus
080 _a480
260 _aЛенинград
_bХудожественная литература
_c1975
650 7 _a2 Релігія. Теологія.
_2UDC
999 _c384965
_d384965